Contra la ley: -el homosexualismo en Inglaterra-
Guardat en:
| Autor principal: | |
|---|---|
| Format: | Llibre |
| Idioma: | espanyol |
| Publicat: |
Buenos Aires
Oberon
1962
|
| Edició: | 1a. ed |
| Matèries: | |
| Etiquetes: |
Afegir etiqueta
Sense etiquetes, Sigues el primer a etiquetar aquest registre!
|
MARC
| LEADER | 00000cam a2200000 a 4500 | ||
|---|---|---|---|
| 001 | UCD2346 | ||
| 003 | CL-VaPUC | ||
| 008 | 160421e19620000ag |||||||||||||||||spa|d | ||
| 082 | 0 | 4 | |a 305.90664 |b WIL |2 21 |
| 100 | 0 | |a Wildeblood, Peter |e author |9 585675 | |
| 245 | 1 | 0 | |a Contra la ley: -el homosexualismo en Inglaterra- |
| 250 | |a 1a. ed | ||
| 300 | |a 213 p | ||
| 942 | |c BK | ||
| 945 | |d 20160421 23:07:00 |a arojas | ||
| 260 | |a Buenos Aires |b Oberon |c 1962 | ||
| 650 | 0 | |a Homosexualidad |9 255614 | |
| 650 | 7 | |a HOMOSEXUALES |2 CL-VaPUC |9 570040 | |
| 651 | 0 | |a Inglaterra |9 255158 | |
| 583 | |a last modification |c 20160421 23:07:00 |k Rodrigo Vera | ||
| 999 | |c 363508 |d 363506 | ||
| 952 | |0 0 |1 0 |3 erb |4 0 |6 305_906640000000000_WIL_1962 |7 0 |8 A |9 475963 |a BIBEDU |b BIBEDU |e Familia Cárdenas Lailhacar |i 5301149 |o 305.90664 WIL 1962 |p 5301149 |r 2019-11-24 |w 2019-11-24 |y BK |z Catalogado en:20160421 |k PSI | ||